[Event "Kolkata Rapid op"]
[Site "Kolkata"]
[Date "2024.05.05"]
[Round "5"]
[White "Subhayan, Kundu"]
[Black "Paramarth, Mitra"]
[Result "1-0"]
[WhiteElo "2226"]
[BlackElo "1458"]
[PlyCount "56"]
[EventDate "2024.05.04"]
[EventType "swiss (rapid)"]
[EventRounds "11"]
[EventCountry "IND"]
[SourceTitle "CBM 220 Extra"]
[Source "ChessBase"]
[SourceDate "2024.07.31"]
[SourceVersion "1"]
[SourceVersionDate "2024.07.31"]
[SourceQuality "1"]

1. e4 e5 2. Nf3 Nc6 3. Bb5 a6 4. Ba4 Nf6 5. 0-0 Nxe4 6. d4 b5 7. Bb3 d5 8. dxe5 Be6 9. Qe2 Be7 10. Rd1 0-0 11. c4 bxc4 12. Bxc4 Bc5 13. Be3 Bxe3 14. Qxe3 Ne7 15. Bd3 Qb8 16. b3 Qb6 17. Nd4 Nc5 18. Nc3 Nxd3 19. Rxd3 Rfd8 20. Na4 Qa7 21. Rc1 Nf5 22. Qd2 Nxd4 23. Rxd4 c5 24. Rxc5 Rac8 25. Qa5 Qe7 26. h4 g5 27. Qb4 Rb8 28. Qd2 gxh4 1-0